000 00355nam a2200145Ia 4500
008 210210b1954 xxu||||| |||| 00| 0 eng d
082 _a310/35
100 _aDASTUR (A J).
245 _aMan and his environment.
260 _aBombay
_bThe Popular Book Depot
_c1954
300 _a296
650 _aMan environment
690 _aSociology
906 _a001527
999 _c77664
_d77664